| 000 | 00348nam a22001457a 4500 | ||
|---|---|---|---|
| 008 | 221104b ||||| |||| 00| 0 eng d | ||
| 020 | _a9780300049909 | ||
| 041 | _aeng | ||
| 080 |
_2VOLUME FORTY SIX _a159.9 |
||
| 082 | _a159.9 | ||
| 100 | _a25 | ||
| 101 | _aPSI | ||
| 245 |
_aTHE PSYCHOANALYTIC STUDY OF THE CHILD _cSOLNIT A |
||
| 942 |
_2udc _cBK |
||
| 999 |
_c58742 _d58742 |
||